• 首页
  • 本馆介绍
  • 公告通知
  • 最新文献
  • 馆藏检索
  • 电子资源
  • 读者导购
  • 参考咨询
  • 我的图书馆
  • 登录
  • 详细信息显示
  • 放入我的书架
  • 预约/预借图书
  • 作者相关作品
  • 分类相关作品
  • 丛书相关作品
  • 出版社相关作品

书目信息

  • 表格格式
  • 工作单格式
  • 卡片格式
题名:
初二几何学习指导
    
 
作者: ;北京市西城区教研中心数学教研室 编
分册:  
出版信息: 北京   北京师范大学出版社  1988.07
页数: 236页
开本: 19cm
丛书名: 初中生学习指导丛书
单 册:
中图分类: G633.63
科图分类:
主题词: 教育--各级
电子资源:
ISBN: 7-303-00328-2
000 00783nam0 2200217 45
001 0307011626
005 20030106234231.4
010    @a7-303-00328-2@dCNY1.70
100    @a20030701d1988 km y0chiy0120 ea
101 0  @achi
105    @a z 000yy
200 1  @a初二几何学习指导@AChu Er Ji He Xue Xi Zhi Dao@f北京市西城区教研中心数学教研室编@FBei Jing Shi Xi Cheng Qu Jiao Yan Zhong Xin Shu Xue Jiao Yan Shi Bian
210    @a北京@c北京师范大学出版社@d1988.07
215    @a236页@d19cm
225    @a初中生学习指导丛书
410    @12001 @a初中生学习指导丛书
606 0  @a教育@x各级
690    @aG633.63@v3
711 02 @a北京市西城区教研中心数学教研室@4编
801    @aCN@bTSTC@c20030701
905    @dG633.63@e155:1@f3@b233175-177@f3@b233184-186@f0@f1@b233182@f1@b233180@f2@b233142-143
    
    初二几何学习指导/北京市西城区教研中心数学教研室编.-北京:北京师范大学出版社,1988.07
    236页;19cm.-(初中生学习指导丛书)
    
    
    ISBN 7-303-00328-2:CNY1.70
    
●
相关链接 在E读中查询图书 在五车中查询图书 在当当中查询图书 在豆瓣中查询图书


正题名:初二几何学习指导     索取号:G633.63/155:1         预约/预借

序号 登录号 条形码 馆藏地/架位号 状态 备注
1 0233175   000240625   密集书库/ [索取号:G633.63/155:1] 在馆    
2 0233176   000240493   密集书库/ [索取号:G633.63/155:1] 在馆    
3 0233177   000240616   密集书库/ [索取号:G633.63/155:1] 在馆    
4 0233178   001818616   密集书库/ [索取号:G633.63/155:1] 在馆    
5 0233179   001818625   密集书库/ [索取号:G633.63/155:1] 在馆    
6 0233180   000240527   密集书库/ [索取号:G633.63/155:1] 在馆    
7 0233182   000240518   密集书库/ [索取号:G633.63/155:1] 在馆    
8 0233183   001818607   密集书库/ [索取号:G633.63/155:1] 在馆    
9 0233184   000240634   密集书库/ [索取号:G633.63/155:1] 在馆    
10 0233185   000240457   密集书库/ [索取号:G633.63/155:1] 在馆    
11 0233186   000240466   密集书库/ [索取号:G633.63/155:1] 在馆    
12 0233187   001818572   密集书库/ [索取号:G633.63/155:1] 在馆    
13 0233188   000240509   密集书库/ [索取号:G633.63/155:1] 在馆    
14 0233189   000240689   第一样本阅览室/ [索取号:G633.63/155:1] 在馆    
唐山师范学院图书馆 欢迎您!
大连网信软件有限公司© 版权所有